000 00457nam a2200181Ia 4500
003 GCL
008 140319s9999 xx 000 0 eng d
040 _aGCL /
_cGCL
082 0 4 _a910.03
_bR D
100 1 _aRAO, M.S
245 1 0 _aDICITIONARY OF GEOGRAPHY /
_cRAO, M.S
260 _a[S.N] :
_bANIMAL PUBLICATIONS ،
_c1993
300 _a378 P
650 0 4 _aDICTIONARIES
650 0 4 _aGEOGRAPHY
650 0 4 _aGEOGRAPHY - DICTIONARIES
942 _2ddc
_cBK
999 _c13518
_d13518